[Event "Leiden op-A 9th"]
[Site "Leiden"]
[Date "2015.07.20"]
[Round "4"]
[White "Van Delft, Merijn"]
[Black "Halfhide, Sebastian"]
[Result "1/2-1/2"]
[WhiteElo "2428"]
[BlackElo "2091"]
[PlyCount "72"]
[EventDate "2015.07.17"]
[EventType "swiss"]
[EventRounds "9"]
[EventCountry "NED"]
[SourceTitle "CBM 167 Extra"]
[Source "ChessBase"]
[SourceDate "2015.09.14"]
[SourceVersion "1"]
[SourceVersionDate "2015.09.14"]
[SourceQuality "1"]

1. e4 e5 2. Nf3 Nc6 3. Bb5 a6 4. Ba4 Nf6 5. 0-0 b5 6. Bb3 Bb7 7. d3 Bc5 8. Nc3 d6 9. a3 h6 10. Be3 0-0 11. Qd2 Bc8 12. a4 Rb8 13. axb5 axb5 14. h3 Be6 15. Bxe6 fxe6 16. Bxc5 dxc5 17. Ne2 Qd6 18. Qe3 Nd4 19. Nfxd4 cxd4 20. Qd2 Nh5 21. g3 Ra8 22. Kg2 Kh7 23. Ng1 Qe7 24. Qe2 Qg5 25. Qg4 Qxg4 26. hxg4 Nf6 27. g5 Ng4 28. Rxa8 Rxa8 29. gxh6 Kxh6 30. Nf3 g5 31. Rb1 Ra2 32. Nd2 Nf6 33. Nb3 Nd7 34. f4 c5 35. fxe5 Kg6 36. Kh3 Kg7 1/2-1/2

[Event "Leiden op-A 9th"]
[Site "Leiden"]
[Date "2015.07.19"]
[Round "3"]
[White "Halfhide, Sebastian"]
[Black "Erwich, Frans"]
[Result "1-0"]
[WhiteElo "2091"]
[BlackElo "1974"]
[PlyCount "63"]
[EventDate "2015.07.17"]
[EventType "swiss"]
[EventRounds "9"]
[EventCountry "NED"]
[SourceTitle "CBM 167 Extra"]
[Source "ChessBase"]
[SourceDate "2015.09.14"]
[SourceVersion "1"]
[SourceVersionDate "2015.09.14"]
[SourceQuality "1"]

1. e4 c5 2. Nf3 e6 3. d4 cxd4 4. Nxd4 Nf6 5. Nc3 d6 6. Be3 a6 7. f3 b5 8. Qd2 Nbd7 9. g4 Nb6 10. a4 bxa4 11. Nxa4 Nxa4 12. Rxa4 Bb7 13. g5 Nd7 14. Bd3 Be7 15. 0-0 0-0 16. Rfa1 Nc5 17. R4a2 Nxd3 18. cxd3 Rc8 19. Rc1 Rxc1+ 20. Qxc1 Qb8 21. Nc6 Bxc6 22. Qxc6 Qb3 23. Qxa6 Qd1+ 24. Kg2 f6 25. g6 f5 26. Qc4 Qe2+ 27. Bf2 Rf6 28. exf5 Rxf5 29. Qg4 hxg6 30. h4 e5 31. Qe4 Rf4 32. Qxe2 1-0